Cities of Ticket to Ride - North America - Statistics

General Stats
  • This quiz has been taken 11 times
    8 since last reset
  • The average score is 30 of 36
Answer Stats
States/Provinces City % Correct
Colorado Denver
100%
Arkansas Little Rock
100%
Florida Miami
100%
New York New York
100%
Arizona Phoenix
100%
New Mexico Santa Fe
100%
District of Columbia Washington
100%
Georgia Atlanta
88%
Massachusetts Boston
88%
Alberta Calgary
88%
Illinois Chicago
88%
Texas Dallas
88%
Texas Houston
88%
Nevada Las Vegas
88%
California Los Angeles
88%
Louisiana New Orleans
88%
Oklahoma Oklahoma City
88%
Pennsylvania Pittsburgh
88%
Oregon Portland
88%
North Carolina Raleigh
88%
Missouri Saint-Louis
88%
Utah Salt Lake City
88%
California San Francisco
88%
Washington Seattle
88%
British Columbia Vancouver
88%
South Carolina Charleston
75%
Missouri Kansas City
75%
Quebec Montréal
75%
Ontario Toronto
75%
Manitoba Winnipeg
75%
Texas El Paso
63%
Montana Helena
63%
Nebraska Omaha
63%
Ontario Sault Ste. Marie
63%
Minnesota Duluth
50%
Kentucky Nashville
38%
No matching quizzes found
Score Distribution
Percent of People with Each Score
Percentile by Number Answered
Your Score History
You have not taken this quiz since the last reset